| 000 | 00445nam a2200169 4500 | ||
|---|---|---|---|
| 001 | 110089 | ||
| 003 | ES-MaACL | ||
| 005 | 20230906184956.0 | ||
| 007 | t| | ||
| 008 | 061121s1969 sp r ||||1| cat d | ||
| 100 | 1 |
_aMoix, Terenci. _981822 |
|
| 245 | 1 | 0 |
_aOnades sobre una roca deserta / _cTerenci Moix. |
| 250 | _a1ยช ed. | ||
| 260 |
_aBarcelona : _bDestino, _c1969. |
||
| 300 |
_a244 p. ; _c20 cm. |
||
| 852 |
_aES-MaACL _jC-50951 _bR.69301 |
||
| 999 |
_c110089 _d110089 |
||